Statistics for Birds By Pictures

Click here to take the quiz!

General Stats

  • This quiz has been taken 321 times
    (167 since last reset)
  • The average score is 10 of 12

Answer Stats

Answer % Correct
Owls
99%
Eagle
98%
Peafowls
98%
Penguins
98%
Flamingos
96%
Hummingbird
94%
Doves
91%
Toucans
87%
Sparrow
75%
Herons
74%
Kingfishers
74%
Parrot
62%

Score Distribution

Percentile by Number Answered

Percent of People with Each Score

Your Score History

You have not taken this quiz since the last reset